Language Quiz

Random Language or Letter Quiz
Score 0/10 Timer 02:00
2 Plays Today
Clue T-Word % Correct
An isotope of hydrogen with two neutronsT
100%
'The boob tube'TV
83.2%
A patch of fake hair worn over a bald spottoupee
79.1%
A sporting event with running, cycling and swimmingtriathlon
79%
Pekoe or oolong, e.g.tea
76.7%
A dessert made with ladyfingers, mascarpone cheese, and espressotiramisu
69.5%
A small handheld drum with loose metal disks on the side one can shake as welltambourine
65.7%
A western Pacific hurricanetyphoon
65.4%
A brutal ruffian or assassinthug
44.7%
An outer or under garment worn in ancient Greece and Rometunic
30%
Remove Ads.
Support Sporcle.
Get the best of Sporcle when you Go Orange. This ad-free experience offers more features, more stats, and more fun while also helping to support Sporcle. Thank you for becoming a member.

You're not logged in!

Compare scores with friends on all Sporcle quizzes.
OR
Log In

Show Comments

Extras

Top Quizzes Today


Score Distribution

Your Account Isn't Verified!

In order to create a playlist on Sporcle, you need to verify the email address you used during registration. Go to your Sporcle Settings to finish the process.

Report this User

Report this user for behavior that violates our Community Guidelines.

Details: